000 00316nam a2200145Ia 4500
100 _aAndleigh/P.K/ Thakrar/K
942 _cBK
654 _amultimedia
245 _aMultimedia system design
260 _bPrentice Hall of India
_c1996
082 _a4.65
_bAND
300 _a654
546 _aENGLISH
999 _c18425
_d18425